000 00710nam a2200289Ia 4500
005 20260324114858.0
008 008 260324s9999 xx 000 0 eng d
020 _a9780429323782
037 _aEBOOK
040 _aCRL
040 _beng
040 _cCRL
041 _2eng
041 _aeng
084 _qCRL
100 _aJinzhong Yang; Gregory C. Sharp; Mark J. Gooding
_91152508
245 0 _aAuto-Segmentation for Radiation Oncology
245 0 _bState of the Art
260 _bTaylor and Francis
260 _c2021
365 _a
365 _b275
856 _uhttp://www.taylorfrancis.com/books/9780429323782
942 _cEBOOK
999 _c1742963
_d1742963